00553nam a22001457a 4500003000400000082001800004100000900022245018700031260002600218300000700244650001700251942001200268952011000280999001700390SGT a617.643bE24P aEkta aEvaluation of stress distribution in maxillary incisors during intrusion with clear aligners and self ligating brackets in a periodontally compromised patientbA finite element study bSGT University c2024 a61 aOrthodontics 2ddccTH 00102ddc4071aFDbFDcREFd2024-10-07iSGTUo617.643 E24PpDT2096r2024-10-07 00:00:00w2024-10-07yTH c27128d27128